Statistics for Golden State Warriors Leaders Per Year

Click here to take the quiz!

General Stats

  • This quiz has been taken 2,746 times
    (20 since last reset)
  • The average score is 21 of 85

Answer Stats

Player% Correct
Draymond Green
100%
Stephen Curry
100%
Kevin Durant
84%
Kevon Looney
79%
Andrew Wiggins
74%
Wilt Chamberlain
74%
Rick Barry
68%
Chris Mullin
63%
Chris Paul
63%
Gary Payton II
58%
Paul Arizin
58%
Baron Davis
53%
D'Angelo Russell
53%
Tim Hardaway
53%
Andrew Bogut
47%
David Lee
47%
Nate Thurmond
47%
Avery Johnson
42%
George Johnson
42%
Monta Ellis
42%
Trayce Jackson-Davis
42%
Jim Jackson
37%
Joe Smith
37%
Larry Smith
37%
Phil Smith
37%
Stephen Jackson
37%
Chris Webber
32%
Jason Richardson
32%
Joe Fulks
32%
Otis Smith
32%
Latrell Sprewell
26%
Micheal Ray Richardson
26%
Ron Williams
21%
Bernard King
16%
Guy Rodgers
16%
Joe Barry Carroll
16%
Purvis Short
16%
Sleepy Floyd
16%
Willie Cauley-Stein
16%
World B. Free
16%
Adonal Foyle
11%
Al Attles
11%
Alton Lister
11%
Andris Biedrins
11%
Antawn Jamison
11%
Billy Owens
11%
Donte DiVincenzo
11%
Ekpe Udoh
11%
Gilbert Arenas
11%
Jeff Mullins
11%
Larry Hughes
11%
Manute Bol
11%
Muggsy Bogues
11%
Robert Parish
11%
Sonny Parker
11%
Troy Murphy
11%
Tyrone Hill
11%
Andy Phillip
5%
Chris Gatling
5%
Clifford Ray
5%
Danny Fortson
5%
Donyell Marshall
5%
Erick Dampier
5%
George Senesky
5%
Jack George
5%
Jerry Lucas
5%
John Lucas
5%
John Starks
5%
Lester Conner
5%
Mookie Blaylock
5%
Neil Johnston
5%
Nick Van Exel
5%
Paul Neumann
5%
Ronny Turiaf
5%
Rudy LaRusso
5%
Speedy Claxton
5%
Tom Gola
5%
Winston Garland
5%
Woody Sauldsberry
5%
Anthony Randolph
0%
Clarence Weatherspoon
0%
Danny Finn
0%
Dave Feitl
0%
Howie Dallmar
0%
Mike Gale
0%

Score Distribution

Percentile by Number Answered

Percent of People with Each Score

Your Score History

You have not taken this quiz since the last reset